Tendencias migratorias hacia los Estados Unidos de dominicanos y otros ciudadanos caribeños : (Registro nro. 28627)
[ vista simple ]
| 000 -CABECERA | |
|---|---|
| campo de control de longitud fija | 00848nam a2200193 a 4500 |
| 001 - NÚMERO DE CONTROL | |
| campo de control | 000029135 |
| 003 - IDENTIFICADOR DEL NÚMERO DE CONTROL | |
| campo de control | DO-SdBNP |
| 005 - FECHA Y HORA DE LA ÚLTIMA TRANSACCIÓN | |
| campo de control | 20240229073955.0 |
| 008 - DATOS DE LONGITUD FIJA--INFORMACIÓN GENERAL | |
| campo de control de longitud fija | 110413s2000 dr a r 000 0 spa d |
| 040 ## - FUENTE DE LA CATALOGACIÓN | |
| Centro catalogador/agencia de origen | DO-SdBNP |
| Lengua de catalogación | spa |
| Centro/agencia transcriptor | BNPHU |
| 082 ## - NÚMERO DE LA CLASIFICACIÓN DECIMAL DEWEY | |
| Número de clasificación | xxx |
| Número de documento/Ítem | V422t |
| 100 1# - ENTRADA PRINCIPAL--NOMBRE DE PERSONA | |
| Nombre de persona | Vega, Bernardo, |
| Fechas asociadas al nombre | 1938 - |
| 9 (RLIN) | 3222 |
| 245 10 - MENCIÓN DE TÍTULO | |
| Título | Tendencias migratorias hacia los Estados Unidos de dominicanos y otros ciudadanos caribeños : |
| Resto del título | análisis de las tendencias de la migración legal e ilegal, la deportación de criminales y el impacto negativo de la legislación migratoria norteamericana de 1996 / |
| Mención de responsabilidad, etc. | Bernardo Vega, Roberto Desprandel. |
| 260 ## - PUBLICACIÓN, DISTRIBUCIÓN, ETC. | |
| Lugar de publicación, distribución, etc. | Santo Domingo : |
| Nombre del editor, distribuidor, etc. | OIM : FLACSO, |
| Fecha de publicación, distribución, etc. | 2000. |
| Fabricante | Búho |
| 300 ## - DESCRIPCIÓN FÍSICA | |
| Extensión | 41 p. : |
| Otras características físicas | il., ; |
| Dimensiones | 22 cm. |
| 700 1# - PUNTO DE ACCESO ADICIONAL--NOMBRE DE PERSONA | |
| Nombre de persona | Desprandel, Roberto |
| 9 (RLIN) | 56043 |
| 710 2# - PUNTO DE ACCESO ADICIONAL--NOMBRE DE ENTIDAD CORPORATIVA | |
| Nombre de entidad corporativa o nombre de jurisdicción como elemento de entrada | Organización Internacional para las Migraciones |
| 9 (RLIN) | 2058 |
| 942 ## - ELEMENTOS DE PUNTO DE ACCESO ADICIONAL (KOHA) | |
| Fuente del sistema de clasificación o colocación | Dewey Decimal Classification |
| Tipo de ítem Koha | Libro |
| Estado de retiro | Estado de pérdida | Restricciones de uso | No para préstamo | Código de colección | Localización permanente | Ubicación/localización actual | Ubicación en estantería | Fecha de adquisición | Número de inventario | Total de préstamos | Signatura topográfica completa | Código de barras | Fecha visto por última vez | Número de copia | Precio válido a partir de | Tipo de ítem Koha |
|---|---|---|---|---|---|---|---|---|---|---|---|---|---|---|---|---|
| Dominicana de Servicio | General | General | Depósito | 13.04.2011 | LF1 | xxx V422t | 29135-30 | 25.06.2020 | e. 3 | 25.06.2020 | Libro y Folleto Colección Dominicana de Servicio | |||||
| Dominicana de Servicio | General | General | Depósito | 27.04.2011 | LF1 | xxx V422t | 29135-40 | 25.06.2020 | e. 4 | 25.06.2020 | Libro y Folleto Colección Dominicana de Servicio | |||||
| Dominicana de Servicio | General | General | Depósito | 27.04.2011 | LF1 | xxx V422t | 29135-50 | 25.06.2020 | e. 5 | 25.06.2020 | Libro y Folleto Colección Dominicana de Servicio | |||||
| Excluido de préstamo | Patrimonio Dominicano | Patrimonio Dominicano | Patrimonio Dominicano | Depósito | 13.04.2011 | LF1 | xxx V422t | 29135-10 | 25.06.2020 | 25.06.2020 | Libro y Folleto Colección Patrimonio Dominicano | |||||
| Excluido de préstamo | Patrimonio Dominicano | Patrimonio Dominicano | Patrimonio Dominicano | Depósito | 13.04.2011 | LF1 | xxx V422t | 29135-20 | 25.06.2020 | e. 2 | 25.06.2020 | Libro y Folleto Colección Patrimonio Dominicano |
